| 000 | 00745nam a2200229 a 4500 | ||
|---|---|---|---|
| 005 | 20231130063622.0 | ||
| 008 | 991125s1978 rea 000 0 eng u | ||
| 020 | _a020100948X | ||
| 035 | _aUPN01000023502 | ||
| 049 | _aCG | ||
| 050 | 4 |
_aH62 _bK3.3 |
|
| 100 | 1 | _aKatzer, Jeffrey | |
| 245 | 1 | 0 |
_aEvaluation information : _ba guide for users of social science research / _cJeffrey Katzer, Kenneth H. Cook, Wayne W. Crouch. |
| 260 |
_aReading, Mass. : _bAddison-Wesley, _c1978. |
||
| 300 | _a191 p. | ||
| 440 | 0 | _aAddison-Wesley series in sociology | |
| 650 | 4 |
_aTeoría de la información _917 |
|
| 650 | 2 |
_aInvestigación documental _926028 |
|
| 700 | 1 |
_aCook, Kenneth H., _ecoaut. |
|
| 700 | 1 |
_aCrouch, Wayne W., _ecoaut. |
|
| 905 | _aLibro | ||
| 999 |
_c23502 _d23502 |
||